[Event "FIDE Grand Swiss 2019"]
[Site "Douglas"]
[Date "20.10.2019"]
[Round "10.29"]
[White "Sethuraman, S.P."]
[Black "Shirov, Alexei"]
[Result "1-0"]
[WhiteElo "2624"]
[BlackElo "2664"]

1. e4 e5 2. Nf3 Nf6 3. Nxe5 d6 4. Nf3 Nxe4 5. Nc3 Nxc3 6. dxc3 Be7 7. Be3
Nd7 8. Qd2 Nf6 9. O-O-O O-O 10. Bd3 d5 11. Rhe1 Bg4 12. Qe2 Re8 13. h3 Bh5
14. g4 Bg6 15. Bxg6 hxg6 16. g5 Ne4 17. c4 Bb4 18. Rxd5 Qc8 19. Rh1 c6 20.
Rdd1 Qf5 21. Nd4 Qe5 22. Qg4 Qc5 23. Nb3 Qf5 24. Rd7 a5 25. Rxb7 Nd6 26.
Qxf5 gxf5 27. Rc7 Nxc4 28. Bc5 a4 29. Bxb4 axb3 30. a3 Re2 31. cxb3 Nxb2
32. Rd7 Rxf2 33. Bd2 Nc4 34. bxc4 Rxa3 35. Kb2 Rg3 36. h4 f4 37. Kc2 f3 38.
Rd3 Kh7 39. Kc3 Rfg2 40. Rf1 f2 41. Rxg3 Rxg3+ 42. Kd4 1-0

[Event "FIDE Grand Swiss 2019"]
[Site "Douglas"]
[Date "20.10.2019"]
[Round "10.30"]
[White "Eljanov, Pavel"]
[Black "Esipenko, Andrey"]
[Result "1/2-1/2"]
[WhiteElo "2663"]
[BlackElo "2624"]

1. e4 e5 2. Nf3 Nc6 3. Bc4 Bc5 4. O-O Nf6 5. d3 O-O 6. h3 d6 7. c3 h6 8.
Re1 a5 9. Bb5 Ba7 10. Nbd2 Ne7 11. d4 Ng6 12. Bd3 Re8 13. Nf1 d5 14. dxe5
Nxe4 15. Be3 Bxe3 16. Rxe3 Bf5 17. Nd4 Bd7 18. f3 Nc5 19. Bxg6 fxg6 20. f4
Ne6 21. Nxe6 Bxe6 22. Qd3 Bf5 23. Qd4 Rf8 24. Ng3 Be6 25. Rf1 Qe7 26. Qd3
Qf7 27. Ref3 c5 28. Qb5 Qe7 29. R1f2 Rad8 30. Qb6 a4 31. a3 Rc8 32. Qb5 Qd7
33. Qd3 Qf7 34. Qc2 Qe8 35. f5 gxf5 36. Nxf5 Bxf5 37. Rxf5 Qc6 38. R2f4 b5
39. Qd3 Rce8 40. Rxf8+ Rxf8 41. Rxf8+ Kxf8 42. Qf5+ 1/2-1/2

[Event "FIDE Grand Swiss 2019"]
[Site "Douglas"]
[Date "20.10.2019"]
[Round "10.31"]
[White "Gukesh, D"]
[Black "Dreev, Aleksey"]
[Result "1/2-1/2"]
[WhiteElo "2520"]
[BlackElo "2662"]

1. e4 c5 2. Nf3 e6 3. d4 cxd4 4. Nxd4 Nf6 5. Nc3 Nc6 6. Ndb5 Bb4 7. Bf4
Nxe4 8. Qf3 d5 9. Nc7+ Kf8 10. Nxa8 e5 11. Bd2 Nd4 12. Qd1 Qh4 13. g3 Qf6
14. Nxe4 Nf3+ 15. Ke2 Nd4+ 16. Ke1 Nf3+ 17. Ke2 Nd4+ 18. Ke1 Nf3+ 19. Ke2
Nd4+ 1/2-1/2

[Event "FIDE Grand Swiss 2019"]
[Site "Douglas"]
[Date "21.10.2019"]
[Round "11.3"]
[White "Alekseenko, Kirill"]
[Black "Vitiugov, Nikita"]
[Result "1/2-1/2"]
[WhiteTitle "GM"]
[BlackTitle "GM"]
[WhiteElo "2674"]
[BlackElo "2732"]
[WhiteFideId "4135539"]
[BlackFideId "4152956"]
[EventDate "2019.10.10"]

1. e4 e5 2. Nf3 Nc6 3. Bc4 Bc5 4. O-O Nf6 5. d3 d6 6. c3 a6 7. a4 Ba7 8. Re1 O-O
9. h3 h6 10. Nbd2 Re8 11. b4 Be6 12. Bxe6 Rxe6 13. Qc2 Qd7 14. Rb1 b5 15. Ra1
Ree8 16. Nb3 Ne7 17. Bd2 Ng6 18. c4 c6 19. c5 dxc5 20. bxc5 Rad8 21. axb5 axb5
22. d4 Bb8 23. Ba5 Bc7 24. Bb6 Ra8 25. Rad1 Qc8 26. Bxc7 Qxc7 27. d5 Ra4 28.
dxc6 Ra6 29. Rd6 Rxc6 30. Qd2 Rxd6 31. cxd6 Qb6 32. Qb4 Rc8 33. Rd1 Rc2 34. Rd2
Rxd2 35. Nfxd2 Nf4 36. Nc4 Qc6 37. Nxe5 Qc2 38. Nd2 Qc1+ 39. Kh2 Qe1 40. Qd4 Ne2
41. Ndf3 Nxd4 42. Nxe1 Kf8 43. f3 Ke8 44. N1d3 Nd7 45. Nxd7 Kxd7 46. e5 Ke6 47.
f4 Nc6 48. Kg3 f6 49. Kg4 fxe5 50. fxe5 b4 51. Kf4 b3 52. Nc5+ Kd5 53. Nxb3 Nxe5
54. Kf5 Kxd6 55. Nd2 Nd3 56. Kg6 1/2-1/2

[Event "FIDE Grand Swiss 2019"]
[Site "Douglas"]
[Date "21.10.2019"]
[Round "11.6"]
[White "Anton Guijarro, David"]
[Black "Hovhannisyan, Robert"]
[Result "1-0"]
[WhiteTitle "GM"]
[BlackTitle "GM"]
[WhiteElo "2674"]
[BlackElo "2639"]
[WhiteFideId "2285525"]
[BlackFideId "13302507"]
[EventDate "2019.10.10"]

1. c4 c6 2. d4 d5 3. Nf3 Nf6 4. Nc3 dxc4 5. a4 Bf5 6. Ne5 e6 7. f3 Bb4 8. Nxc4
O-O 9. Kf2 Nd5 10. Na2 b5 11. Nxb4 bxc4 12. Na2 c5 13. e4 cxd4 14. Bxc4 Nb6 15.
Be2 Bg6 16. a5 Nc8 17. Nb4 Ne7 18. h4 h5 19. Nd3 Nbc6 20. Bf4 Nxa5 21. Qa4 Nac6
22. b4 e5 23. b5 exf4 24. bxc6 Qd6 25. Rhc1 Rfc8 26. Qb4 Qd8 27. Ra6 Rc7 28.
Nxf4 Rac8 29. Bb5 d3 30. Qc5 Nxc6 31. Bxc6 Qxh4+ 32. g3 Qf6 33. Qc3 d2 34. Qxd2
Bxe4 35. fxe4 Rxc6 36. e5 Rc2 37. exf6 Rxd2+ 38. Ke3 Rxc1 39. Kxd2 Rh1 40. Ra5
h4 41. Rg5 g6 42. gxh4 Rxh4 43. Ke3 Kh7 44. Rc5 Kh6 45. Ne6 Rh3+ 46. Ke4 Rh4+
47. Ke5 Rh1 48. Kd6 fxe6 49. Rc8 Rf1 50. Ke7 Kg5 51. f7 Rxf7+ 52. Kxf7 Kf5 53.
Rc1 e5 54. Rf1+ Ke4 55. Kf6 g5 56. Kxg5 Kd3 57. Re1 Kc3 58. Rxe5 Kb4 59. Kf4 a5
60. Ke4 1-0

[Event "FIDE Grand Swiss 2019"]
[Site "Douglas"]
[Date "21.10.2019"]
[Round "11.18"]
[White "Grandelius, Nils"]
[Black "Sethuraman, S.P."]
[Result "1/2-1/2"]
[WhiteTitle "GM"]
[BlackTitle "GM"]
[WhiteElo "2691"]
[BlackElo "2624"]
[WhiteFideId "1710400"]
[BlackFideId "5021596"]
[EventDate "2019.10.10"]

1. e4 e5 2. Nf3 Nc6 3. Bb5 Nf6 4. d3 Bc5 5. Bxc6 dxc6 6. O-O Bd6 7. h3 Be6 8.
Ng5 Qe7 9. Nxe6 Qxe6 10. Qf3 Nd7 11. Nd2 a5 12. a4 O-O 13. Nc4 Bb4 14. Qe2 b5
15. Ne3 g6 16. Bd2 Qd6 17. Rfd1 Rfd8 18. c3 Bc5 19. d4 exd4 20. cxd4 Bxd4 21.
Bc3 c5 22. Nc2 b4 23. Bxd4 cxd4 24. Nxd4 Nc5 25. e5 Qb6 26. Nf3 Nb3 27. Rxd8+
Rxd8 28. Rd1 Nd4 29. Nxd4 Rxd4 30. Rxd4 Qxd4 31. e6 fxe6 1/2-1/2

[Event "FIDE Grand Swiss 2019"]
[Site "Douglas"]
[Date "21.10.2019"]
[Round "11.19"]
[White "Rakhmanov, Aleksandr"]
[Black "Inarkiev, Ernesto"]
[Result "1/2-1/2"]
[WhiteTitle "GM"]
[BlackTitle "GM"]
[WhiteElo "2621"]
[BlackElo "2693"]
[WhiteFideId "4173708"]
[BlackFideId "4162722"]
[EventDate "2019.10.10"]

1. Nf3 c5 2. c4 Nf6 3. g3 d5 4. cxd5 Nxd5 5. Bg2 Nc6 6. d4 cxd4 7. Nxd4 Ndb4 8.
Nxc6 Qxd1+ 9. Kxd1 Nxc6 10. Bxc6+ bxc6 11. Be3 a5 12. Kd2 e5 13. Rc1 Rb8 14. b3
Bb4+ 15. Kd1 O-O 16. Bd2 a4 17. bxa4 Rd8 18. Ke1 Be6 19. Bxb4 Rxb4 20. Nc3 Ra8
21. Rab1 Rc4 22. a3 c5 23. Nb5 Raxa4 24. Rxc4 Bxc4 25. Nc3 Ra8 26. Ne4 f6 27.
Ra1 Ra5 28. Rc1 Ba6 29. Rxc5 Rxa3 30. Nc3 Kf7 31. Kd2 Rb3 32. Rc6 Bb7 33. Rc7+
Kg6 34. h4 h5 35. Kc2 Rb4 36. Kd2 Rd4+ 37. Ke1 Ba6 38. Rc6 Bb7 39. Rc7 Ba8 40.
Rc8 Bg2 1/2-1/2

[Event "FIDE Grand Swiss 2019"]
[Site "Douglas"]
[Date "21.10.2019"]
[Round "11.21"]
[White "Vallejo Pons, Francisco"]
[Black "Adhiban, Baskaran"]
[Result "1-0"]
[WhiteTitle "GM"]
[BlackTitle "GM"]
[WhiteElo "2694"]
[BlackElo "2639"]
[WhiteFideId "2205530"]
[BlackFideId "5018471"]
[EventDate "2019.10.10"]

1. e4 c6 2. Nf3 d5 3. Nc3 dxe4 4. Nxe4 Nf6 5. Qe2 Nxe4 6. Qxe4 Nd7 7. Bc4 Nf6 8.
Ne5 e6 9. Qe2 b5 10. Bb3 Qc7 11. d4 Bd6 12. Bf4 O-O 13. Bg3 a5 14. c3 c5 15. Rd1
c4 16. Bc2 Bb7 17. O-O a4 18. a3 Nd5 19. Nf3 Rae8 20. Be4 f5 21. Bxd5 Bxd5 22.
Bxd6 Qxd6 23. Ne5 f4 24. f3 Rf5 25. Rde1 h5 26. Qd2 Qd8 27. Rf2 Ref8 28. Kf1 Kh7
29. Ke2 Qh4 30. Kd1 Rd8 31. Kc1 Kg8 32. g3 fxg3 33. hxg3 Qg5 34. Qxg5 Rxg5 35.
g4 Rf8 36. Ref1 Rf4 37. Kd2 Rxe5 38. dxe5 g5 39. gxh5 Kg7 40. Rg1 Kh6 41. Rg4
Rxf3 42. Rxf3 Bxf3 43. Rd4 Kxh5 44. Rd6 Bd5 45. Ke3 Kg6 46. Rb6 Kf5 47. Rxb5
Kxe5 48. Ra5 g4 49. Rxa4 g3 50. Ra7 Kf6 51. Rh7 Bc6 52. Rh3 g2 53. Kf2 Kg5 54.
Rg3+ Kf4 55. Rxg2 Bxg2 56. Kxg2 Ke4 57. a4 e5 58. a5 Kd5 59. Kf3 Kc5 60. Ke4 Kb5
61. Kxe5 Kxa5 62. Kd4 Kb5 63. Kd5 1-0

[Event "FIDE Grand Swiss 2019"]
[Site "Douglas"]
[Date "21.10.2019"]
[Round "11.22"]
[White "Moiseenko, Alexander"]
[Black "Sargissian, Gabriel"]
[Result "1/2-1/2"]
[WhiteTitle "GM"]
[BlackTitle "GM"]
[WhiteElo "2635"]
[BlackElo "2690"]
[WhiteFideId "14102560"]
[BlackFideId "13300881"]
[EventDate "2019.10.10"]

1. d4 d5 2. c4 e6 3. Nf3 Nf6 4. Nc3 Be7 5. g3 O-O 6. Bg2 Nbd7 7. Qd3 Nb6 8. c5
Nbd7 9. Bf4 c6 10. O-O Nh5 11. Bd2 f5 12. b4 Bf6 13. b5 Kh8 14. Rab1 e5 15. bxc6
bxc6 16. Qxf5 exd4 17. Nxd5 g6 18. Nxf6 gxf5 19. Nxh5 Nxc5 20. Bb4 Ne6 21. Bxf8
Qxf8 22. Rfd1 Ba6 23. Nxd4 Nxd4 24. Rxd4 Rd8 25. Rxd8 Qxd8 26. Bxc6 Bxe2 27. Nf4
Bc4 28. a4 a6 29. h4 Qd6 30. Bg2 Qa3 31. Rb8+ Kg7 32. Rb7+ Kg8 33. Rb8+ Kg7 34.
Rb7+ Kg8 35. Rc7 Bf7 36. Rc8+ Kg7 37. Rc7 Kg8 38. Rc8+ Kg7 39. Rc7 1/2-1/2

[Event "FIDE Grand Swiss 2019"]
[Site "Douglas"]
[Date "21.10.2019"]
[Round "11.23"]
[White "Lupulescu, Constantin"]
[Black "Ragger, Markus"]
[Result "1-0"]
[WhiteTitle "GM"]
[BlackTitle "GM"]
[WhiteElo "2643"]
[BlackElo "2684"]
[WhiteFideId "1207822"]
[BlackFideId "1610856"]
[EventDate "2019.10.10"]

1. d4 Nf6 2. Nf3 d5 3. c4 e6 4. e3 a6 5. b3 c5 6. Bb2 cxd4 7. exd4 Nc6 8. Nbd2
g6 9. Bd3 Bg7 10. O-O O-O 11. Ne5 Nd7 12. Qe2 Qb6 13. Ndf3 Ndxe5 14. dxe5 Bd7
15. Rad1 Ne7 16. h4 Bc6 17. h5 dxc4 18. Bxc4 Rfd8 19. Ng5 Rxd1 20. Rxd1 Rd8 21.
Rd6 Nf5 22. Nxf7 Nxd6 23. exd6 Re8 24. Bxg7 Kxg7 25. Qe5+ Kxf7 26. h6 1-0

[Event "FIDE Grand Swiss 2019"]
[Site "Douglas"]
[Date "21.10.2019"]
[Round "11.24"]
[White "McShane, Luke J"]
[Black "Kuzubov, Yuriy"]
[Result "0-1"]
[WhiteTitle "GM"]
[BlackTitle "GM"]
[WhiteElo "2682"]
[BlackElo "2636"]
[WhiteFideId "404853"]
[BlackFideId "14112906"]
[EventDate "2019.10.10"]

1. e4 c6 2. Nf3 d5 3. Nc3 Bg4 4. h3 Bxf3 5. Qxf3 Nf6 6. d3 e6 7. a3 Nbd7 8. g3
Qa5 9. Bd2 Qb6 10. Ra2 Be7 11. Bg2 O-O 12. O-O a5 13. Qe2 dxe4 14. dxe4 e5 15.
Nd1 Nc5 16. Ne3 Rfe8 17. Nc4 Qc7 18. a4 Bf8 19. b3 Nfd7 20. Rb1 Ne6 21. Qe1 b6
22. Qf1 Bb4 23. c3 Bf8 24. h4 Nf6 25. Rba1 h6 26. Qc1 Red8 27. Qc2 Rab8 28. Be1
Nc5 29. Nb2 Qc8 30. b4 axb4 31. cxb4 Ne6 32. Nc4 Nd4 33. Qc3 Qe6 34. Ne3 Ra8 35.
Qc4 Qd7 36. Qf1 b5 37. axb5 Rxa2 38. Rxa2 cxb5 39. Bd2 Qe6 40. Qb1 Rc8 41. Ra3
h5 42. Qd1 g6 43. Bc3 Bxb4 44. Bxb4 Rc1 45. Qxc1 Ne2+ 46. Kh2 Nxc1 47. Bh3 Qb6
48. Rc3 Ne2 49. Rc8+ Kh7 50. Bc5 Qa5 51. Nd5 Nxe4 52. Rc7 Qe1 53. Rxf7+ Kg8 54.
Rf8+ 0-1

[Event "FIDE Grand Swiss 2019"]
[Site "Douglas"]
[Date "21.10.2019"]
[Round "11.25"]
[White "Akopian, Vladimir"]
[Black "Korobov, Anton"]
[Result "1/2-1/2"]
[WhiteTitle "GM"]
[BlackTitle "GM"]
[WhiteElo "2638"]
[BlackElo "2679"]
[WhiteFideId "13300032"]
[BlackFideId "14105730"]
[EventDate "2019.10.10"]

1. e4 c5 2. Nf3 d6 3. d4 cxd4 4. Nxd4 Nf6 5. Nc3 a6 6. Be3 e5 7. Nf3 Qc7 8. a4
Be7 9. a5 Nbd7 10. Be2 O-O 11. O-O b5 12. axb6 Nxb6 13. Nd2 Bb7 14. Bxb6 Qxb6
15. Nc4 Qc5 16. Ra5 Qc7 17. Qd3 Rfd8 18. Bf3 Rac8 19. b3 g6 20. g3 h5 21. h4 Bf8
22. Rd1 Kh7 23. Qe2 Re8 24. Bg2 Rcd8 25. Ra4 Bh6 26. Na5 Ba8 27. Nc4 Bb7 28. Na5
Ba8 29. Nc4 Bb7 30. Na5 Ba8 1/2-1/2

[Event "FIDE Grand Swiss 2019"]
[Site "Douglas"]
[Date "21.10.2019"]
[Round "11.26"]
[White "Sasikiran, Krishnan"]
[Black "Hess, Robert"]
[Result "1-0"]
[WhiteTitle "GM"]
[BlackTitle "GM"]
[WhiteElo "2675"]
[BlackElo "2581"]
[WhiteFideId "5004985"]
[BlackFideId "2022036"]
[EventDate "2019.10.10"]

1. e4 e6 2. d4 d5 3. Nc3 Bb4 4. e5 Qd7 5. Qg4 Bf8 6. Nf3 b6 7. Bb5 c6 8. Be2 Ba6
9. O-O Ne7 10. Rd1 Nf5 11. Nh4 h5 12. Qh3 Nxh4 13. Qxh4 Be7 14. Qg3 g6 15. a4
Bxe2 16. Nxe2 Na6 17. Bg5 h4 18. Qf4 Rc8 19. Bxe7 Qxe7 20. Qd2 Kf8 21. Ra3 Kg7
22. a5 b5 23. Rf3 Rh5 24. g4 hxg3 25. fxg3 Rch8 26. Rf2 Rf5 27. Nf4 Qg5 28. Rdf1
Nb8 29. Rg2 Qg4 30. Rff2 Nd7 31. h3 Rxh3 32. Nxh3 Qxh3 33. Rxf5 exf5 34. Qg5 f6
35. Qf4 fxe5 36. dxe5 Qh5 37. Rd2 Nc5 38. e6 Nxe6 39. Qe5+ Kf7 40. Re2 Nf8 41.
Qe8+ Kg8 42. Kg2 Qg5 43. Qxc6 f4 44. Qc3 b4 45. Qf3 fxg3 46. Re8 Qd2+ 47. Qe2
Qxe2+ 48. Rxe2 Kf7 49. Re3 Ne6 50. Rb3 Nd4 51. Rxb4 Nxc2 52. Rb7+ Ke6 53. Rxa7
d4 54. Kxg3 d3 55. Kf2 Nd4 56. Ke3 1-0

[Event "FIDE Grand Swiss 2019"]
[Site "Douglas"]
[Date "21.10.2019"]
[Round "11.27"]
[White "Cheparinov, Ivan"]
[Black "Mareco, Sandro"]
[Result "1/2-1/2"]
[WhiteTitle "GM"]
[BlackTitle "GM"]
[WhiteElo "2670"]
[BlackElo "2634"]
[WhiteFideId "2905540"]
[BlackFideId "112275"]
[EventDate "2019.10.10"]

1. d4 Nf6 2. c4 e6 3. Nf3 b6 4. g3 Ba6 5. b3 Bb4+ 6. Bd2 Be7 7. Bg2 d5 8. cxd5
exd5 9. O-O O-O 10. Nc3 Re8 11. Ne5 Bb7 12. Rc1 Nbd7 13. Rc2 Nf8 14. Bc1 Ne6 15.
Bb2 a6 16. e3 Bd6 17. h4 Rc8 18. Ng4 Be7 19. Nxf6+ Bxf6 20. b4 c6 21. Rd2 a5 22.
a3 axb4 23. axb4 Nc7 24. e4 Ba6 25. Re1 Bc4 26. Qh5 Be7 27. exd5 Bxb4 28. Re5
Nxd5 29. Nxd5 Rxe5 30. dxe5 Bxd2 31. e6 fxe6 32. Qg4 Bh6 33. Qxe6+ Kf8 34. Be5
g6 35. Bd6+ Kg7 36. Be5+ Kf8 37. Bd6+ Kg7 38. Be7 Qe8 39. Bf6+ Kf8 40. Qd6+ Kf7
41. Nxb6 Be6 42. Nxc8 Qxc8 43. Bd4 Bg7 44. Bxg7 Kxg7 45. Bxc6 Bf7 46. Qe5+ Kg8
47. Be4 Qe6 48. Qd4 Qc4 49. Qe5 Qe6 50. Qf4 Kg7 51. g4 Qf6 52. Qg3 h6 53. g5
hxg5 54. hxg5 Qd4 55. Qf4 Be6 56. Kg2 Bf7 57. Kg3 Qc3+ 58. Bf3 Qa1 59. Qe3 Qb2
60. Be4 Qb3 61. Bd3 Qc3 62. Kh4 Qa1 63. Be4 Qe5 64. Kh3 Kf8 65. Kg2 Kg7 66. Kf3
Qb2 67. Qc5 Qa1 68. Kg2 Qb2 69. Qd6 Qc3 70. Bf3 Qb2 71. Bg4 Qb7+ 72. Kg3 Qb3+
73. Kh4 Qb2 74. Qc5 Qa1 75. Qe3 Qb2 76. Qc5 Qa1 77. Bh3 Qa4+ 78. Kg3 Qb3+ 79. f3
Qb2 80. Qe3 Qb8+ 81. Kg2 Qb2+ 82. Kg1 Qa1+ 83. Kh2 Qb2+ 84. Bg2 Kg8 85. f4 Qb3
86. Qe5 Qd3 87. Kg1 Qg3 88. Qd4 Qe1+ 89. Kh2 Qh4+ 90. Bh3 Qe1 91. Kg2 Qe2+ 92.
Kg3 Qe1+ 93. Kf3 Qe7 94. Kf2 Qa3 95. Bg4 Qa2+ 96. Be2 Qe6 97. Qe5 Qb6+ 98. Kg2
Qb3 99. Bf3 Qd3 100. Kf2 Qd2+ 101. Be2 Qb4 102. Bb5 Qd2+ 103. Kg3 Qd1 104. Be2
Qg1+ 105. Kf3 Qh1+ 106. Ke3 Qc1+ 107. Kd4 Qg1+ 108. Kc3 Qe1+ 109. Kc2 Qb4 110.
Bd3 Qb3+ 111. Kd2 Qb4+ 112. Ke2 Qb6 113. Bb5 Qa5 114. Qb8+ Kg7 115. Bd3 Qa2+
116. Ke3 Qg2 117. Be2 Qg3+ 118. Kd2 Qb3 119. Qe5+ Kg8 120. Bd3 Qb4+ 121. Ke2 Qb6
122. Be4 Qa6+ 123. Kf2 Qa2+ 124. Kg3 Qb3+ 125. Kg2 Qa2+ 126. Kh3 Qb3+ 127. Kh4
Qe3 128. Bg2 Qd2 129. Kg3 Qd3+ 130. Kf2 Qd2+ 131. Kg3 Qd3+ 132. Kf2 1/2-1/2

[Event "FIDE Grand Swiss 2019"]
[Site "Douglas"]
[Date "21.10.2019"]
[Round "11.28"]
[White "Zhang, Zhong"]
[Black "Saric, Ivan"]
[Result "1/2-1/2"]
[WhiteTitle "GM"]
[BlackTitle "GM"]
[WhiteElo "2636"]
[BlackElo "2667"]
[WhiteFideId "8600694"]
[BlackFideId "14508150"]
[EventDate "2019.10.10"]

1. e4 c5 2. Nf3 Nc6 3. d4 cxd4 4. Nxd4 Nf6 5. Nc3 d6 6. Be2 e5 7. Nf3 h6 8. O-O
Be7 9. Re1 O-O 10. Bf1 Bg4 11. h3 Bh5 12. g4 Bg6 13. Bg2 Rc8 14. Nh4 Bxe4 15.
Nxe4 Nxe4 16. Nf5 d5 17. Be3 Bf6 18. c3 Rc7 19. Qd3 g6 20. Nxh6+ Kg7 21. Bxe4
dxe4 22. Qxd8 Bxd8 23. g5 Na5 24. h4 Nc4 25. Bxa7 f5 26. Rad1 Be7 27. Be3 Ra8
28. a3 Nxb2 29. Bb6 Rxc3 30. Rd7 Kf8 31. Rb1 Nc4 32. h5 Ke8 33. Rxe7+ Kxe7 34.
hxg6 Nd2 35. Rd1 Nf3+ 36. Kf1 Rc6 37. Nxf5+ Ke6 38. Ng7+ Ke7 39. Nf5+ Kf8 40.
g7+ Kf7 41. Be3 Rg6 42. Ng3 Rxg7 43. Nxe4 Nh4 44. Rb1 Kf8 45. Bc5+ Kg8 46. Ke2
Ra4 47. Nf6+ Kf7 48. Rxb7+ Kg6 49. Rxg7+ Kxg7 50. Nd7 Ng6 51. Bb4 Kf7 52. Kd3
Ra8 53. Ke4 Ke6 54. Nc5+ Kd6 55. Nd3+ Ke6 56. Nc5+ Kd6 57. f3 Rh8 58. Nd3+ Ke6
59. Nc5+ Kf7 60. Kd5 Rh1 61. Nd3 Rh3 62. Nxe5+ 1/2-1/2

[Event "FIDE Grand Swiss 2019"]
[Site "Douglas"]
[Date "21.10.2019"]
[Round "11.29"]
[White "Fedoseev, Vladimir3"]
[Black "Tari, Aryan"]
[Result "1-0"]
[WhiteTitle "GM"]
[BlackTitle "GM"]
[WhiteElo "2664"]
[BlackElo "2630"]
[WhiteFideId "24130737"]
[BlackFideId "1510045"]
[EventDate "2019.10.10"]

1. d4 Nf6 2. c4 g6 3. h4 c5 4. d5 b5 5. cxb5 a6 6. e3 Bg7 7. Nc3 O-O 8. a4 e6 9.
d6 axb5 10. Bxb5 Bb7 11. Nf3 Na6 12. O-O Nb4 13. Qe2 Ne4 14. Nxe4 Bxe4 15. Ng5
Bc6 16. Bd2 Qb6 17. Bc3 f6 18. Nf3 Nd5 19. e4 Nxc3 20. bxc3 f5 21. e5 Bxf3 22.
Qxf3 Bxe5 23. Bxd7 Qxd6 24. Rad1 Qe7 25. Rfe1 Qf6 26. Rd3 Kh8 27. Qc6 Bxc3 28.
Rxe6 Qg7 29. Qxc5 Bf6 30. Qc4 Rad8 31. Red6 f4 32. a5 Bxh4 33. a6 Be7 34. R6d5
Ra8 35. Bb5 Rac8 36. Qd4 Rc1+ 37. Rd1 Qxd4 38. Rxd4 Rxd1+ 39. Rxd1 Bc5 40. Bc6
Rf6 41. Bb7 Kg7 42. Kf1 h6 43. Ke2 f3+ 44. gxf3 g5 45. Rc1 Ba7 46. Bc8 Rf7 47.
Rc6 Re7+ 48. Kf1 Bd4 49. Be6 h5 50. Kg2 h4 51. Bc4 Rd7 52. Be6 Re7 53. Bd5 Kf8
54. Rc8+ Re8 55. Rc4 Ba7 56. Rc7 Re7 57. Rxa7 Rxa7 58. Bb7 Ke7 59. Kh3 Kf6 60.
Kg4 Ke5 61. f4+ gxf4 62. Kxh4 f3 63. Kg4 Kf6 64. Kxf3 Kf5 65. Ke3 Ke5 66. Kd3
Kf4 67. Ke2 Kg5 68. Ke3 Kf5 69. Kf3 1-0

[Event "FIDE Grand Swiss 2019"]
[Site "Douglas"]
[Date "21.10.2019"]
[Round "11.31"]
[White "Dreev, Aleksey"]
[Black "Bjerre, Jonas Buhl"]
[Result "1-0"]
[WhiteTitle "GM"]
[BlackTitle "IM"]
[WhiteElo "2662"]
[BlackElo "2506"]
[WhiteFideId "4100107"]
[BlackFideId "1444948"]
[EventDate "2019.10.10"]

1. d4 Nf6 2. Nf3 e6 3. c4 d5 4. Qc2 dxc4 5. Qxc4 a6 6. Bg5 b5 7. Bxf6 gxf6 8.
Qc2 Bb7 9. e4 Nc6 10. Qd2 h5 11. Be2 Bh6 12. Qc3 Qd6 13. Nbd2 Bxd2+ 14. Qxd2
O-O-O 15. Rd1 Qb4 16. O-O Qxd2 17. Rxd2 Ne7 18. Bd3 Ng6 19. h4 Nf4 20. Bb1 f5
21. Re1 f6 22. g3 Rhg8 23. Kh2 fxe4 24. Bxe4 Nd5 25. Ng1 Rd6 26. Bf3 Rh8 27.
Rde2 Kd7 28. Rc1 Bc6 29. Rec2 Nb4 30. Rc5 Rc8 31. Rxh5 Rxd4 32. Rh7+ Kd6 33.
Bxc6 Nxc6 34. Nf3 Rd5 35. Rf7 Rf5 36. Rxc6+ Kxc6 37. Nd4+ Kd5 38. Nxf5 exf5 39.
Rxf6 c5 40. Rxa6 c4 41. a3 Re8 42. Rf6 Ke4 43. h5 Kd3 44. Rxf5 Rb8 45. h6 1-0

[Event "FIDE Grand Swiss 2019"]
[Site "Douglas"]
[Date "21.10.2019"]
[Round "11.32"]
[White "Esipenko, Andrey"]
[Black "Sjugirov, Sanan"]
[Result "1/2-1/2"]
[WhiteTitle "GM"]
[BlackTitle "GM"]
[WhiteElo "2624"]
[BlackElo "2662"]
[WhiteFideId "24175439"]
[BlackFideId "4189302"]
[EventDate "2019.10.10"]

1. d4 Nf6 2. c4 e6 3. g3 d5 4. Bg2 Be7 5. Nf3 O-O 6. O-O dxc4 7. Qc2 a6 8. a4
Bd7 9. Qxc4 Bc6 10. Bf4 Bd6 11. Qc1 Nbd7 12. Nc3 Ne4 13. Rd1 Qe7 14. Qc2 Nxc3
15. bxc3 Bxf4 16. gxf4 Nf6 17. Qb3 Be4 18. Ne5 c5 19. dxc5 Qxc5 20. c4 Rfd8 21.
Qe3 Qxe3 22. fxe3 Kf8 23. Rd4 Bxg2 24. Kxg2 Rdc8 25. Rb1 Rc7 26. Kf3 Ke8 27.
Rbd1 Rac8 28. Rd6 Rc5 29. Rb6 R8c7 30. Rb4 Ke7 31. Rdb1 Nd7 32. Nd3 R5c6 33.
Rxb7 1/2-1/2

[Event "FIDE Grand Swiss 2019"]
[Site "Douglas"]
[Date "21.10.2019"]
[Round "11.33"]
[White "Abdusattorov, Nodirbek"]
[Black "Sarana, Alexey"]
[Result "1/2-1/2"]
[WhiteTitle "GM"]
[BlackTitle "GM"]
[WhiteElo "2608"]
[BlackElo "2655"]
[WhiteFideId "14204118"]
[BlackFideId "24133795"]
[EventDate "2019.10.10"]

1. e4 c5 2. Nf3 d6 3. d4 Nf6 4. Nc3 cxd4 5. Nxd4 a6 6. g3 e5 7. Nde2 Be7 8. Bg2
O-O 9. O-O Nbd7 10. a4 b6 11. Nd5 Nxd5 12. Qxd5 Qc7 13. Nc3 Bb7 14. Qd3 Nf6 15.
Bg5 Ng4 16. Bd2 Nf6 17. Rfd1 h6 18. Be3 Bc6 19. Nd5 Nxd5 20. exd5 Bd7 21. Qb3 b5
22. axb5 axb5 23. Bf1 Bg5 24. Bxg5 hxg5 25. Bxb5 Bxb5 26. Qxb5 Rab8 27. Qc6 Rfc8
28. Ra6 Rxb2 29. Qxc7 Rxc7 30. Rc6 Rxc2 31. Rxd6 Kf8 32. Ra6 f6 33. Ra8+ Kf7 34.
Rd8 Ke7 35. Rg8 Kd6 36. Rd8+ Rd7 37. Rxd7+ Kxd7 38. Ra1 Kd6 39. Ra6+ Kxd5 40.
Ra7 g6 41. Rg7 Ke6 42. Rxg6 Kf7 43. Rh6 Kg7 44. Rh5 Rc8 45. g4 Rc4 46. f3 Rf4
47. h4 gxh4 48. Kg2 e4 49. fxe4 Rxg4+ 50. Kf3 Rg3+ 51. Kf4 Rh3 1/2-1/2

[Event "FIDE Grand Swiss 2019"]
[Site "Douglas"]
[Date "21.10.2019"]
[Round "11.34"]
[White "Artemiev, Vladislav"]
[Black "Gukesh, D"]
[Result "1/2-1/2"]
[WhiteTitle "GM"]
[BlackTitle "GM"]
[WhiteElo "2746"]
[BlackElo "2520"]
[WhiteFideId "24101605"]
[BlackFideId "46616543"]
[EventDate "2019.10.10"]

1. c4 e6 2. Nf3 d5 3. e3 Nf6 4. Nc3 Be7 5. b3 O-O 6. Bb2 dxc4 7. bxc4 b6 8. d4
Bb7 9. Bd3 Nbd7 10. O-O c5 11. Qe2 Re8 12. d5 exd5 13. cxd5 Bd6 14. Rad1 a6 15.
a4 Ne5 16. Bb1 Nxf3+ 17. Qxf3 Be5 18. Qh3 Qe7 19. d6 Qe6 20. d7 Red8 21. Qxe6
fxe6 22. Ba2 Kf7 23. f4 Bxc3 24. Bxc3 Ke7 25. Rb1 Nxd7 26. f5 Be4 27. Rb2 exf5
28. Bxg7 b5 29. Bh6 Nf6 30. axb5 axb5 1/2-1/2

[Event "FIDE Grand Swiss 2019"]
[Site "Douglas"]
[Date "21.10.2019"]
[Round "11.35"]
[White "Akobian, Varuzhan"]
[Black "Bu, Xiangzhi"]
[Result "1/2-1/2"]
[WhiteTitle "GM"]
[BlackTitle "GM"]
[WhiteElo "2625"]
[BlackElo "2721"]
[WhiteFideId "13300580"]
[BlackFideId "8601445"]
[EventDate "2019.10.10"]

1. d4 d5 2. c4 c6 3. cxd5 cxd5 4. Nf3 Nf6 5. Nc3 Nc6 6. Bf4 Bf5 7. e3 e6 8. Qb3
Bb4 9. Bb5 O-O 10. Bxc6 Bxc3+ 11. Qxc3 Rc8 12. Ne5 bxc6 13. f3 Nh5 14. Bg3 Nxg3
15. hxg3 f6 16. Nd3 Bxd3 17. Qxd3 f5 18. Qa3 Qc7 19. f4 c5 20. dxc5 Qxc5 21.
Qxc5 Rxc5 22. Kd2 d4 23. exd4 Rd8 24. Rac1 Rxd4+ 25. Ke3 Re4+ 26. Kf3 Rec4 27.
Rxc4 Rxc4 28. Rd1 Rc2 29. Rd7 a5 30. a4 Rxb2 31. Ra7 Ra2 32. Rxa5 Kf7 33. Ra8 h6
34. a5 Kg6 35. Ra7 Kf6 36. Ra8 Kf7 37. a6 Kg6 38. Ra7 Kf6 1/2-1/2